000 03247nam a2200409 i 4500
003 DO-SdBNP
005 20250227073855.0
007 ta
008 210304b 2020 dr a s 00| 0 eng d
020 _a9789945582895 (v. 272)
020 _a9789945443622 (serie)
040 _aDO-SdBNP
_bspa
_cBNPHU
_erda
082 4 _a306.097293
_bV145c, 2020
_222
100 1 _aValdez Albizu, Héctor,
_d1947-
_eautor
_4aut.
_912322
245 1 3 _aLa cultura en el Banco Central :
_bdiscursos 2018-2020 /
_cHéctor Valdez Albizu ; presentación y edición al cuidado de, José Alcántara Almánzar y Elvis Francis Soto ; colaboración, Hipólito Batista.
264 4 _aSanto Domingo :
_bEditor Banco Central de la República Dominicana,
_c2020.
300 _a154 paginas :
_bilustraciones, retratos. ;
_c23 cm.
336 _atexto
_btxt
_2rdacontent
337 _asin mediación
_bn
_2rdamedia
338 _avolumen
_bnc
_2rdacarrier
490 1 _aBanco Central de la Republica Dominicana,
_v272
490 1 _aArte y literatura,
_v100
500 _aIncluye datos biográficos del autor en las solapas.
505 0 _aPresentación--
_tActo de puesta en circulación de las obras: La cultura en el Banco Central. Discursos 2016-2019--
_tApertura de la exposición. Monumentos y motivos religiosos en billetes, monedas y sellos dominicanos--
_tRecital. Las hermanas Peña Comas en el Banco Central--
_tActo de entrega de premios del Concurso Anual de Economía Biblioteca Juan Pablo Duarte--
_tActo de puesta en circulación de las obras Manual de estética musical, de la profesora Edith Hernández--
_tActo de entrega de premios del Concurso de Arte y Literatura Bancentral 2018--
_tDiscursos 2019--
_tActo conmemorativo en honos al Día de Juan Pablo Duarte--
_tApertura de la exposición. Encuentro entre dos mundos: monedas, billetes y sellos.
505 0 _aPalabras del gobernador del Banco Central de la República Dominicana--
_tParticipación en la Feria Internacional del Libro 2019--
_tApertura de la exposición pictórica. Imágenes de la economía informal dominicana--
_tApertura de la exposición Evolucjón del billete dominicano 1947-2017--
_tRecital. Jóvenes talentos del violín--
_tActo de puesta en circulación de las obras de Julio Llort--
_tActo de entrega de premios del Concurso Anual de Economía Biblioteca Juan Pablo Duarte--
_tActo de entrega de premios del concurso de Arte y Literatura Bancentral 2019--
_tDiscursos 2020--
_tOfrenda floral en el Altar de la Patria--
_tApertura de la exposición Juan Pablo Duarte en las emisiones del Banco Central y sellos conmemorativos.
590 _aInventariado, 2021 /LP
610 2 0 _aBanco Central de la República Dominicana
_xMecenazgo artístico
_983405
650 4 _aCultura
_zRepública Dominicana
_y2018-2020
_978893
650 4 _aArtes
_zRepública Dominicana
_y2018-2020
_978897
700 1 _aAlcántara Almánzar, José
_d1946-
_epresentación y cuidado de edición
_4pre. y ed.
_97018
700 1 _aSoto, Elvis Francis,
_eeditor
_939156
_4ed.
700 1 _aBatista, Hipólito,
_ecolaborador
_978008
_4co.
830 0 _aBanco Central de la Republica Dominicana,
_n272
_978009
830 0 _aArte y literatura,
_n100
_978010
910 _aInventariado, 2021 /LP/Validado, 2021/MFF
942 _2ddc
_cLBS1
999 _c49496
_d49496